Lepanto (1571-1971) / Luis Carrero Blanco
Descripción Física:
170 p., [7] f. amb maps., [12] p. de làm., col. ; 19'5 cm
Colección:
Especial RTV
Materias:
Lepant, Batalla de, 1571
MARC
| LEADER | 00000nam a2200000Ia 4500 | ||
|---|---|---|---|
| 001 | 10902 | ||
| 008 | 160829s9999 xx 000 0 cat d | ||
| 080 | |a H-2-56 | ||
| 100 | |a Carrero Blanco, Luis |9 23712 | ||
| 245 | |a Lepanto (1571-1971) / Luis Carrero Blanco | ||
| 260 | |a [s.l.] : |b Salvat Editores, S.A. ; con la colaboración de Alianza Editorial, S.A., dl 1971 | ||
| 300 | |a 170 p., [7] f. amb maps., [12] p. de làm., col. ; |c 19'5 cm | ||
| 490 | |a Especial RTV | ||
| 650 | 0 | |a Lepant, Batalla de, 1571 |9 31773 | |
| 901 | |a Arxiu | ||
| 942 | |n 1 | ||
| 952 | |0 0 |1 0 |4 0 |6 H256 |7 1 |9 42821 |a Arxiu |b Arxiu |d 2016-12-01 |l 0 |o H-2-56 |p 10902 |r 2016-12-01 00:00:00 |w 2016-12-01 |y ARXIU | ||
| 999 | |c 45327 |d 45327 | ||